000 00703nas a2200241 i 4500
001 2223
003 ES-MaACL
005 20250724062601.0
007 t|
008 950801c1898 xxu | | 1 ||ng d
080 _a73
245 0 0 _aSelf culture
_b: a magazine of knowledge /
_cedited by William W. Hudson and G. Mercer Adam.
260 _aCleveland (Ohio :
_bSelf culture magazine company,
_c1898-
300 _a1 v. :
_bgrab ;
_c25 cm.
310 _aMensual
362 0 _a(1898)-
650 7 _aCultura
_2embne
_9170963
700 1 _aHudson, William W,
_eed. lit.
_9194444
700 1 _aAdam, G. Mercer.
_918358
852 _aES-MaACL
_jHem-263
866 0 _o(1900).
999 _c2223
_d2223